Πρόγραμμα οικονομικής και κοινωνικής ανάπτυξης 1983-1987 : προκαταρκτικά
Saved in:
| Corporate Author: | |
|---|---|
| Format: | Book |
| Language: | Greek |
| Published: |
Αθήνα :
Εθνικό τυπογραφείο,
1983
|
| Subjects: | |
| Tags: |
Add Tag
No Tags, Be the first to tag this record!
|
MARC
| LEADER | 00000nam a2200000 i 4500 | ||
|---|---|---|---|
| 001 | 1/68070 | ||
| 008 | 990127s1983 gre d | ||
| 035 | |l 10047587 | ||
| 040 | |a GR-MY-UA |b gre |e aacr | ||
| 041 | 0 | |a gre | |
| 082 | 0 | |a 338.9495 | |
| 110 | 2 | |a Υπουργείο Εθνικής Οικονομίας. | |
| 245 | 1 | 0 | |a Πρόγραμμα οικονομικής και κοινωνικής ανάπτυξης 1983-1987 : |b προκαταρκτικά / |c Υπουργείο Εθνικής Οικονομίας |
| 260 | |a Αθήνα : |b Εθνικό τυπογραφείο, |c 1983 | ||
| 300 | |a 277 σ. | ||
| 651 | 0 | |a Greece |x Economic policy |y 1974- | |
| 651 | 0 | |a Greece |x Economic policy. | |
| 852 | |a INST |b CHIOS |e 19990223 |h 338.9495 ΠΡΟ |p 005200014772 |q 005200014772 |t BK |y 0 | ||
| 852 | |a INST |b CHIOS |e 19990127 |h 338.9495 ΠΡΟ |p 005200014986 |q 005200014986 |t BK |y 0 | ||
| 852 | |a INST |b CHIOS |e 20000803 |h 338.9495 ΠΡΟ |p 005200029443 |q 005200029443 |t BK |y 0 | ||
| 901 | |a BIBL-1999-1 | ||
| 909 | |a Χ |b 055262 | ||
| 909 | |a Χ |b 000164 | ||
| 909 | |a Χ |b 055429 | ||
| 922 | |a 2ΔΩΡ |b 199901 |d ΛΕΜΟΝΙΑ | ||